| 000 | 01791nam a2200493 i 4500 | ||
|---|---|---|---|
| 001 | 47044 | ||
| 003 | KOSZ 005 | ||
| 005 | 20200622092258.0 | ||
| 008 | 200331s1969 pl a g 000 0 eng | ||
| 015 | _aUWD 1969/9865 | ||
| 035 | _a991038459609705066 | ||
| 035 | _a(PL-WaBN)b20297749-48omnis_nlop | ||
| 035 | _ab20297749 | ||
| 035 | _a(OCoLC)831195898 | ||
| 035 | _a(PL)b0000002029774 | ||
| 035 | _a(EXLNZ-48OMNIS_NETWORK)9910321172005606 | ||
| 040 |
_aWA N _cWA N _dKOSZ 005/RW |
||
| 046 | _k1969 | ||
| 080 | _a811.111 | ||
| 100 | 1 |
_aSmólska, Janina _d(?-2002) _eAutor |
|
| 245 | 1 | 0 |
_aListen and learn : _ba complete ourse of spoken English on gramophone reords. _nCz.1 / _cJ. Smólska, J. Rusiecki, B. Krasnodębska ; [recenzenci : dr A. Prejbisz, dr M. Kobylański]. |
| 260 |
_aWarszawa : _b"Wiedza Powszechna", _c1969. |
||
| 300 |
_a413, [3] stron : _bilustracje ; _c23 cm. |
||
| 336 |
_aTekst _btxt _2rdacontent |
||
| 337 |
_aBez urządzenia pośredniczącego _bn _2rdamedia |
||
| 338 |
_aWolumin _bnc _2rdacarrier |
||
| 380 | _aKsiążki | ||
| 380 | _aPublikacje dydaktyczne | ||
| 388 | _a1901-2000 | ||
| 388 | _a1945-1989 | ||
| 490 | 1 | _aPoliglota | |
| 650 | 7 | _aJęzyk angielski | |
| 655 | 7 | _aPodręcznik | |
| 658 | _aJęzykoznawstwo | ||
| 700 | 1 |
_aKrasnodębska, Beatrice _eAutor |
|
| 700 | 1 |
_aRusiecki, Jan _d(1926-2015) _eAutor |
|
| 700 | 1 |
_aPrejbisz, Antoni _d(1909-1980) _eRecenzja |
|
| 700 | 1 |
_aKobylański, Mieczysław _d(1920-1999) _eRecenzja |
|
| 710 | 2 |
_aPaństwowe Wydawnictwo Wiedza Powszechna _4pbl |
|
| 830 | 0 | _aPoliglota | |
| 856 |
_uhttp://koha.tu.koszalin.pl/cgi-bin/koha/opac-detail.pl?biblionumber=47044 _yKatalog online BPK |
||
| 942 |
_2UKD _cKS |
||
| 999 |
_c47044 _d47044 |
||